000 01175 aa a2200265 4500
005 2011090207587.0
008 081224t xxu||||| |||| 00| 0 hin d
010 _aG-001186
020 _a8189364065
_c100.00
035 _aB-357180
037 _bउपहार
082 _a
100 _aआनन्द कुमार
_934221
245 _aरोचक कथाएँ /
_cआनन्द कुमार
246 _aRachak Kathayen
_bby Anand Kumar
260 _aदिल्ली
_bचेतना प्रकाशन
_c2007
270 _aआत्माराम बिल्डिंग, 1376,कश्मीरी गेट
_bदिल्ली
_e110006
300 _a79 पृ
_bसचित्र
_c24सेमी (सजिल्द)
650 _aकहानियाँ
_9937
650 _aबाल कहानियाँ
_91328
650 _achildren Stories
_934222
942 _adpl
_cCH
_k
_2ddc
_h
_mआनन्द
999 _c56239
_d56239